000 00469nam a2200169Ia 4500
005 20250508162951.0
008 008 250505s9999 xx 000 0 eng d
037 _aTextual
040 _aFEDL
_beng
_cFEDL
041 _aeng
_2eng
084 _a371.27, CEN
_qFEDL
245 0 _aImproving evaluation
260 _aNew Delhi, India
_bCentral Board of Secondary Education
300 _a114p.
942 _cTEXL
_h371.27, CEN
999 _c1379696
_d1379696